Engineering Economy (Record no. 6193)
[ view plain ]
| 000 -LEADER | |
|---|---|
| fixed length control field | 00698nam a2200253 a 4500 |
| 003 - CONTROL NUMBER IDENTIFIER | |
| control field | PK-NaQUE |
| 005 - DATE AND TIME OF LATEST TRANSACTION | |
| control field | 20250424095518.0 |
| 008 - FIXED-LENGTH DATA ELEMENTS--GENERAL INFORMATION | |
| fixed length control field | 250424b ||||| |||| 00| 0 eng d |
| 020 ## - INTERNATIONAL STANDARD BOOK NUMBER | |
| International Standard Book Number | 0136142974 (Paperback) |
| 020 ## - INTERNATIONAL STANDARD BOOK NUMBER | |
| International Standard Book Number | 9780136142973 (Paperback) |
| 040 ## - CATALOGING SOURCE | |
| Transcribing agency | QUEST |
| 082 ## - DEWEY DECIMAL CLASSIFICATION NUMBER | |
| Classification number | 658.15SUL |
| 100 1# - MAIN ENTRY--PERSONAL NAME | |
| Personal name | Sullivan, William G. |
| 245 10 - TITLE STATEMENT | |
| Title | Engineering Economy |
| 250 ## - EDITION STATEMENT | |
| Edition statement | 14th ed. |
| 260 ## - PUBLICATION, DISTRIBUTION, ETC. (IMPRINT) | |
| Place of publication, distribution, etc | New Delhi |
| Name of publisher, distributor, etc | Pearson Education |
| Date of publication, distribution, etc | 2011 |
| 300 ## - PHYSICAL DESCRIPTION | |
| Extent | XVII,668 p. ; |
| 650 ## - SUBJECT ADDED ENTRY--TOPICAL TERM | |
| Topical term or geographic name as entry element | Economics |
| 650 ## - SUBJECT ADDED ENTRY--TOPICAL TERM | |
| Topical term or geographic name as entry element | Engineering economy / |
| 700 1# - ADDED ENTRY--PERSONAL NAME | |
| Personal name | Wicks, Elin M. |
| 700 1# - ADDED ENTRY--PERSONAL NAME | |
| Personal name | Koelling, C. Patrick. |
| 856 40 - ELECTRONIC LOCATION AND ACCESS | |
| Uniform Resource Identifier | <a href="http://10.10.170.122:8080/browse/book/5046">http://10.10.170.122:8080/browse/book/5046</a> |
| Link text | Download eBook |
| 942 ## - ADDED ENTRY ELEMENTS (KOHA) | |
| Koha item type | Books |
| Source of classification or shelving scheme | Dewey Decimal Classification |
| Withdrawn status | Lost status | Damaged status | Not for loan | Collection code | Home library | Current library | Shelving location | Date acquired | Cost, normal purchase price | Total Checkouts | Full call number | Barcode | Date last seen | Date checked out | Koha item type |
|---|---|---|---|---|---|---|---|---|---|---|---|---|---|---|---|
| Reference | Reference Section | Reference Section | Reference | 12/03/2026 | 480.00 | 1 | 658.15 SUL (Shelf - 83B) | 42374 | 12/08/2016 | 25/08/2014 | Books | ||||
| Reference | Reference Section | Reference Section | Reference | 12/03/2026 | 6568.00 | 658.15 SUL (Shelf - 83B) | 37208 | 07/11/2014 | Books |